Տրակտորների և գյուղատնտեսական մեքենաների տեխնիկական սպարսարկում և նորոգում : (Record no. 212389)
[ view plain ]
| 000 -LEADER | |
|---|---|
| fixed length control field | 00845nam a2200217 u 4500 |
| 001 - CONTROL NUMBER | |
| control field | 000621589 |
| 003 - CONTROL NUMBER IDENTIFIER | |
| control field | AM-YeHGA |
| 005 - DATE AND TIME OF LATEST TRANSACTION | |
| control field | 20250617140042.0 |
| 008 - FIXED-LENGTH DATA ELEMENTS--GENERAL INFORMATION | |
| fixed length control field | 081222s2008 ai r 000 0 arm d |
| 020 ## - INTERNATIONAL STANDARD BOOK NUMBER | |
| International Standard Book Number | 9789939808130 |
| 040 ## - CATALOGING SOURCE | |
| Original cataloging agency | AM-YeHGA |
| 041 0# - LANGUAGE CODE | |
| Language code of text/sound track or separate title | arm |
| 090 ## - LOCALLY ASSIGNED LC-TYPE CALL NUMBER (OCLC); LOCAL CALL NUMBER (RLIN) | |
| -- | 213902 |
| 100 1# - MAIN ENTRY--PERSONAL NAME | |
| Personal name | Խաչատրյան, Ա.Ց |
| 245 10 - TITLE STATEMENT | |
| Title | Տրակտորների և գյուղատնտեսական մեքենաների տեխնիկական սպարսարկում և նորոգում : |
| Remainder of title | Ուսումնական ձեռնարկ / |
| Statement of responsibility, etc. | Ա.Ց. Խաչատրյան, Ս.Խ. Պապյան. |
| 260 ## - PUBLICATION, DISTRIBUTION, ETC. | |
| Place of publication, distribution, etc. | Երևան : |
| Name of publisher, distributor, etc. | Լուսաբաց, |
| Date of publication, distribution, etc. | 2008-. |
| 300 ## - PHYSICAL DESCRIPTION | |
| Extent | 2-րդ մ. |
| 505 0# - FORMATTED CONTENTS NOTE | |
| Miscellaneous information | Մ. 2-րդ (2008, 358 էջ, սխեմ., cd) |
| 650 14 - SUBJECT ADDED ENTRY--TOPICAL TERM | |
| Topical term or geographic name entry element | Գյուղատնտեսական մեքենաներ |
| General subdivision | Տեխսպասարկում |
| 700 1# - ADDED ENTRY--PERSONAL NAME | |
| Personal name | Պապյան, Ս.Խ. |
| Withdrawn status | Lost status | Damaged status | Not for loan | Collection | Home library | Current library | Date acquired | Cost, normal purchase price | Serial enumeration / chronology | Shelving control number | Total checkouts | Full call number | Barcode | Date last seen | Price effective from | Koha item type | Public note |
|---|---|---|---|---|---|---|---|---|---|---|---|---|---|---|---|---|---|
| General | Fundamental Scientific Library | Fundamental Scientific Library | 29/12/2016 | 3000.00 | 2 | AII/94128 | FL0093380 | 29/12/2016 | 29/12/2016 | Գրքեր / Books | 30 Days Loan | ||||||
| General | Fundamental Scientific Library | Fundamental Scientific Library | 29/12/2016 | 3000.00 | 2 | AII/94129 | FL0093381 | 29/12/2016 | 29/12/2016 | Գրքեր / Books | 30 Days Loan | ||||||
| General | Fundamental Scientific Library | Fundamental Scientific Library | 29/12/2016 | 3000.00 | 2 | AII/94204 | FL0101548 | 29/12/2016 | 29/12/2016 | Գրքեր / Books | 30 Days Loan |
ՀՀ Գիտությունների ազգային ակադեմիայի հիմնարար գիտական գրադարան = Fundamental Scientific Library of NAS RA
All site content, except where otherwise noted, is licensed under a